000 00677nam a2200253Ia 4500
003 OSt
005 20220928125830.0
006 a|||||r|||| 00| 0
007 ta
008 220927b |||||||| |||| 00| 0 eng d
024 _a66476
037 _cTextual
040 _aSDCL
_cSDCL
_beng
041 _2eng
_aeng
082 _aX:77, P4
100 _aAgenor Pierre-Richard
_9469522
245 0 _aEconomics of adjustment and growth
250 _a2
260 _aCambridge
_bHarvard University Press
_c2004
300 _axviii,765p
_ccm.
650 _aEconomic Development
942 _hX:77, P4
_cTEXL
_2CC
999 _c784234
_d784234